[Event "Negambo op 4th"]
[Site "Negambo"]
[Date "2018.08.17"]
[Round "3"]
[White "Nagasinghe, Thevindu Thinal"]
[Black "Silva, Kevin Ranidu"]
[Result "0-1"]
[WhiteElo "1186"]
[BlackElo "1813"]
[PlyCount "88"]
[EventDate "2018.08.16"]
[EventType "swiss"]
[EventRounds "10"]
[EventCountry "SRI"]
[SourceTitle "CBM 186 Extra"]
[Source "ChessBase"]
[SourceDate "2018.08.24"]
[SourceVersion "1"]
[SourceVersionDate "2018.08.24"]
[SourceQuality "1"]

1. e4 d5 2. exd5 Qxd5 3. Nc3 Qd6 4. d4 Nf6 5. Nf3 a6 6. h3 b5 7. Bd3 Bb7 8. a3 e6 9. 0-0 Nbd7 10. Be2 Be7 11. Be3 0-0 12. Qd2 Rfd8 13. Rfd1 Rac8 14. Nh2 Nb6 15. b3 Nbd5 16. Bf3 Nxe3 17. Qxe3 Bxf3 18. Nxf3 Qb6 19. b4 Nd5 20. Nxd5 Rxd5 21. c3 Bf6 22. Nh2 h5 23. Nf3 Qd6 24. Rd3 e5 25. Rad1 exd4 26. Nxd4 Re5 27. Qd2 Bg5 28. f4 Bxf4 29. Qf2 Qh6 30. Nc2 Bg5 31. Rd7 Bf6 32. Qa7 Qg6 33. Ne3 Rce8 34. R7d3 Qg3 35. Nf1 Qg6 36. Qxa6 Re2 37. Qc6 Bd4+ 38. cxd4 Qxc6 39. Rg3 h4 40. Rg4 R8e4 41. d5 Rxg4 42. dxc6 Rexg2+ 43. Kh1 Rg1+ 44. Kh2 R4g2# 0-1